| 000 | 00521nam a2200181Ia 4500 | ||
|---|---|---|---|
| 003 | LK-CoDNM | ||
| 008 | 010623t1980 xxu||||| |||| 00| 1 sin d | ||
| 040 |
_aLK-CoDNM _dLK-CoDNM _eLK-CoDNM |
||
| 041 | _asin | ||
| 080 | _a(x)301 SRI | ||
| 100 | _aJanalekana Ha Sankyaleykana Departhumenthuwa | ||
| 245 | _aශ්රී ලංකා ආර්ථක සිතියමි පොත | ||
| 246 | _aSri Lanka Arthika Sithiyam Potha | ||
| 260 |
_b _c1980 |
||
| 300 | _b41p.;27.5 cm cm | ||
| 650 | _aMaps | ||
| 942 | _cBK | ||
| 999 |
_c111408 _d111408 |
||